University Home | Library Home | Institutional Repository

Royal art of Benin. (Record no. 95894)

MARC details
000 -LEADER
fixed length control field 00441cam7a220018100 4500
001 - CONTROL NUMBER
control field tmp15754513
003 - CONTROL NUMBER IDENTIFIER
control field UPRA
005 - DATE AND TIME OF LATEST TRANSACTION
control field 20190819091747.0
008 - FIXED-LENGTH DATA ELEMENTS--GENERAL INFORMATION
fixed length control field 951020q19901995xx eng u
035 ## - SYSTEM CONTROL NUMBER
System control number (Sirsi) r42208
035 ## - SYSTEM CONTROL NUMBER
System control number (UPRA)tmp15754513
040 ## - CATALOGING SOURCE
Transcribing agency UPRA
100 1# - MAIN ENTRY--PERSONAL NAME
Personal name Ezra, Kate.
Linkage A102413.1
245 10 - TITLE STATEMENT
Title Royal art of Benin.
260 ## - PUBLICATION, DISTRIBUTION, ETC.
Date of publication, distribution, etc. 199?
949 ## - LOCAL PROCESSING INFORMATION (OCLC)
a N7399
w lcc
i -51457
m MAIN
p 5000
t BOOK
l ON-SHELF

No items available.

© 2026 - The University of Zambia Library - Koha v25.11